00442nam a2200145Ia 4500100002800000942000700028654001500035245005800050260001800108082001500126300000900141546001200150999001700162952011700179 aJain/K.C/ Aggarwal/A.C  cBK aproduction aProduction planning control and industrial management bKhannaaDelhi a658.5bJAI a1385 aENGLISH c35189d35189 001040708CRCaCRCEbCRCEc1441 | 68d2023-03-17g85.00l0o658.5 JAIp2087r2023-03-17v85.00w2023-03-17yBK